| 000 | 00647nam a2200241Ia 4500 | ||
|---|---|---|---|
| 003 | OSt | ||
| 005 | 20220926013822.0 | ||
| 006 | a|||||r|||| 00| 0 | ||
| 007 | ta | ||
| 008 | 220923b |||||||| |||| 00| 0 eng d | ||
| 037 | _cGeneral Book | ||
| 040 |
_aRTL _cRTL _beng |
||
| 041 |
_2eng _aeng |
||
| 082 | _aH4, L1 | ||
| 100 |
_aWyllie Peter J _9319083 |
||
| 245 | 0 |
_aDynamic earth _b Text book in geosciences |
|
| 260 |
_aNew York _bJohn Wiley U S A _c1971 |
||
| 300 |
_axiv,416p. _ccm. |
||
| 500 | _aBib p. 379-92 | ||
| 650 |
_aGeology _915465 |
||
| 942 |
_hH4, L1 _cGB _2CC |
||
| 999 |
_c626938 _d626938 |
||